Quizzes
Events
Quiz Creation
Community
Videos
Private Events
Remove Ads
Sign In
Join for FREE
Feedback
Dark Mode
Quiz Categories
Sports
Geography
Music
Movies
Television
Just For Fun
Miscellaneous
History
Literature
Language
Science
Gaming
Entertainment
Religion
Holiday
For Kids
Quiz Lab
Recent
Popular Today
Quiz Kudos Today
Editor Picks
Curator Picks
Quizzes by...
Day
Popularity
Type
Ratings
Length
Year
Community
Subscriptions
Recent Discussions
Orange Saloon
Badges
Playlists
Quests
Create
Leaderboards
Showdown
Live 5
Trivia Bingo
Activity
Puzzle Library
Sporcle Events
Private Events
Virtual Trivia
Globe League
Become a Host
Pub Owners
SporcleCon
Opinionation
Our Games
Videos
Blog
Mobile Apps
Partnerships
Remove Ads and Go Orange
Feedback
Music
Pop Music
The Beatles
Song
Album
Lyrics
Bands
Singers
Artist
Clip
Rock
Rap
Classical
Billboard
Country Music
Kpop
Taylor Swift
Music
Pop Music
The Beatles
Song
Album
Lyrics
Bands
Singers
Artist
Clip
Rock
Rap
Classical
Billboard
Country Music
Kpop
Taylor Swift
Random Quiz
Search Sporcle
×
Quiz Lab
Quiz Lab
Music
Song
Type in answers that appear in a list
Type in answers that appear in a list
Classic
Best Score? Go Orange.
Can you name the lyrics to 'Sally's Song'? Stats
Can you name the Can you name the lyrics to 'Sally's Song'??
By
stormofthedragon
5m
118 Questions
111 Plays
111 Plays
111 Plays
Comments
Comments
Give Quiz Kudos
Give Quiz Kudos
-
- Ratings
hide this ad
Replay
Link that replays current quiz
Next Quiz
Link to next quiz in quiz playlist
You Got
0%
They Got
Avg Score
83%
Avg Friend Score
Upgrade to see
Score Distribution
Jump to the score distribution portion of the page
Score
0/118
Timer
05:00
0
Plays Today
% Correct
I
99.1%
the
99.1%
and
99.1%
I
99.1%
the
99.1%
the
99.1%
and
99.1%
and
99.1%
I
99.1%
the
99.1%
I
99.1%
and
99.1%
I
99.1%
I
99.1%
the
99.1%
I
99.1%
the
99.1%
in
95.5%
in
95.5%
to
94.6%
to
94.6%
to
94.6%
to
94.6%
to
94.6%
wind
92.8%
something
91.9%
there's
91%
that
91%
like
91%
like
91%
that
91%
like
91%
be
90.1%
no
90.1%
not
89.2%
not
89.2%
not
89.2%
not
89.2%
sense
88.3%
he
88.3%
% Correct
my
88.3%
will
88.3%
he
88.3%
he
88.3%
will
88.3%
my
88.3%
will
88.3%
will
88.3%
him
86.5%
feeling
86.5%
for
86.5%
him
86.5%
for
86.5%
for
86.5%
me
85.6%
think
85.6%
think
85.6%
at
84.7%
it
84.7%
hand
83.8%
I'd
83.8%
I'd
83.8%
can't
82.9%
this
82.9%
see
82.9%
it's
82.9%
friend
82.9%
it's
82.9%
have
82%
what
82%
of
82%
dear
82%
is
81.1%
how
81.1%
much
81.1%
become
81.1%
become
81.1%
means
80.2%
feelings
79.3%
by
78.4%
% Correct
notice
78.4%
join
78.4%
one
78.4%
one
78.4%
though
77.5%
stand
77.5%
shake
77.5%
does
77.5%
am
77.5%
am
77.5%
tragedy's
76.6%
crowd
75.7%
we
75.7%
just
74.8%
around
74.8%
where
74.8%
his
73.9%
us
73.9%
bend
73%
then
72.1%
worst
71.2%
lead
71.2%
their
71.2%
end
70.3%
actions
69.4%
ever
69.4%
up
69.4%
together
69.4%
enthusiastic
66.7%
never
66.7%
cloud
60.4%
as
60.4%
may
60.4%
although
59.5%
try
58.6%
doesn't
57.7%
seems
55%
last
55%
Quiz Playlist
Details
Report
Send in Message
Add To Playlist
Classic:
Type in answers that appear in a list
Last Updated: Feb 16, 2017
Quiz Scoreboard
CHALLENGE
Sign Up to Join the Scoreboard
Show All
Scores
Hide
Comments
May contain spoilers
Recently Published
Movies - When Are They Set?
by FPL_Elf
Movies
5m
Popular People in 1961
by mucciniale
History
6m
1-10 Letter E Words III
by El_Dandy
Language
2m
More to Explore
Quiz From the Vault
Featured Blog Post
Where Did the Easter Bunny Come From?
hide this ad
You Might Also Like...
Tags
Song Quiz
Ally
Today's Top Quizzes in Music
Browse Music
hide this ad
Today's Top Quizzes in Song
Browse Song
Top Contributed Quizzes in Music
1
Taylor Swift All Songs (2024)
2
2010s Album by Cover III
3
One Thing in Common: Music
4
Taylor Swift Logic Puzzle
5
Guess the Artist- 70s Songs
6
2010s Album by Cover IV
7
Guess the Taylor Swift song (Mystery Song)
8
2010s Album by Cover V
9
Lana Del Rey Discography (BTD to DYKTTATUOB)
10
2010s Album by Cover VI
Explore More
Trending Topics
Disney
NBA
Crossword
Kpop
Harry Potter
Anime
Marvel
Song
Soccer
Pokémon
Country
Puzzle
NFL
WWE
The Office
hide this ad
More By:
stormofthedragon
Quiz
Plays
Rating
Category
Featured
Created
Lyrics to Bohemian Rhapsody
23,856
4.04
Music
Mar 22, 2012
Lyrics to 'Beat It'.
1,199
4.00
Music
Mar 10, 2012
Lyrics to 'A Little Priest'. Movie version.
945
5.00
Music
May 4, 2012
Name the lyrics to 'I Can't Tell You Why' by The Eagles
729
3.67
Music
Feb 20, 2012
Can you name the lyrics to 'Lyin' Eyes' by The Eagles?
721
2.67
Music
Feb 20, 2012
Go to Creator's Profile
Score Distribution
Quiz Creator Spotlight
stormofthedragon
Follow
Send a Message
Quizzes Created
-
Created Quiz Play Count
-
More By This Creator
Popular Quizzes Today
1
Find the US States - No Outlines Minefield
2
Find the Countries of Europe - No Outlines Minefield
3
The Countries of the World
4
Popular People in 1961
5
1-10 Letter E Words III
6
US States
7
Find the US States
8
One Thing in Common: World Cities II
More Music Quizzes
Sam Smith & Kim Petras- Unholy Lyrics
Quiz Lab
Trending Quizzes
Risky Map Clicking: Least Populous States A-Z
1-10 Letter F Words
1-10 Letter G Words
One Thing in Common: United Kingdom
Risky Map Clicking: Next State Alphabetically
Recently Updated
Leaping Animals
pecheneg
Reality TV Shows (A-Z)
bhenderson79
Rickey Henderson's Hall of Fame Teammates
pecheneg
Champions League XIs: Arsenal
pecheneg
Quick Pick: Celebrities in WWE's Hall of Fame
aduchscher
A-Z Keypad Blitz II
pecheneg
Multiple Oscar Actors
pecheneg
Mystery Phrase Blitz: Oscar 'Best Actors'
pecheneg
F. Scott Fitzgerald Novels
LTH
Pick 3 Villains
ddd62291
Trending Topics
Marvel
Harry Potter
Kpop
Crossword
Disney
NBA
Anime
Puzzle
Song
WWE
Soccer
Pokémon
The Office
Country
NFL
Your Account Isn't Verified!
In order to create a playlist on Sporcle, you need to verify the email address you used during registration. Go to your
Sporcle Settings
to finish the process.
Report this User
Report this user for behavior that violates our
Community Guidelines
.
Details:
Send Report
Go to the Sporcle.com Mobile Site →
Comments